ბათუმის შოთა რუსთაველის სახელმწიფო უნივერსიტეტის ბიბლიოთეკა

Public Speaking an Audience-Centered Approach (ბიბ.ჩანაწერი № 51466)

000 -LEADER
fixed length control field 00567nam a2200217Ia 4500
001 - CONTROL NUMBER
control field 18452
003 - CONTROL NUMBER IDENTIFIER
control field GE_BSU
008 - FIXED-LENGTH DATA ELEMENTS--GENERAL INFORMATION
fixed length control field 181216s||||||||xx |||||||||||||| ||und||
020 ## - INTERNATIONAL STANDARD BOOK NUMBER
International Standard Book Number 9781292025247
040 ## - CATALOGING SOURCE
Transcribing agency GE_BSU
080 ## - UNIVERSAL DECIMAL CLASSIFICATION NUMBER
Universal Decimal Classification number 316.77
100 ## - MAIN ENTRY--PERSONAL NAME
Personal name Beebe,St., Beebe, Susan
245 ## - TITLE STATEMENT
Title Public Speaking an Audience-Centered Approach
250 ## - EDITION STATEMENT
Edition statement Pearson New International Edition. Eighth edition
260 ## - PUBLICATION, DISTRIBUTION, ETC.
Place of publication, distribution, etc. Harlow
260 ## - PUBLICATION, DISTRIBUTION, ETC.
Name of publisher, distributor, etc. Pearson
260 ## - PUBLICATION, DISTRIBUTION, ETC.
Date of publication, distribution, etc. 2014
300 ## - PHYSICAL DESCRIPTION
Extent 414p. 28cm.
653 ## - INDEX TERM--UNCONTROLLED
Uncontrolled term Public Speaking an Audience-Centered Approach
942 ## - ADDED ENTRY ELEMENTS (KOHA)
Koha item type წიგნი
ეგზემპლარები
Withdrawn status Lost status Damaged status Not for loan Date acquired Barcode Date last seen Price effective from Koha item type
        2018-12-17 47284 2018-12-17 2018-12-17 წიგნი